Modern methods in secondary education / (Record no. 127869)

MARC details
000 -LEADER
fixed length control field 00844nam a22002657a 4500
005 - DATE AND TIME OF LATEST TRANSACTION
control field 20170124110031.0
010 ## - LIBRARY OF CONGRESS CONTROL NUMBER
LC control number 745727
020 ## - INTERNATIONAL STANDARD BOOK NUMBER
Terms of availability 00.00
035 ## - SYSTEM CONTROL NUMBER
System control number 745727
037 ## - SOURCE OF ACQUISITION
Source of stock number/acquisition Cen Lib/Ret
040 ## - CATALOGING SOURCE
Original cataloging agency DPL
Language of cataloging EN
082 ## - DEWEY DECIMAL CLASSIFICATION NUMBER
Classification number 373
Item number GRA
100 ## - MAIN ENTRY--PERSONAL NAME
Personal name Grambs, Jaen Dresden
9 (RLIN) 21777
245 ## - TITLE STATEMENT
Title Modern methods in secondary education /
Statement of responsibility, etc by Jaen Dresden Grambs, John C. Carr [and] Robert M. Fitch
250 ## - EDITION STATEMENT
Edition statement 3rd ed
260 ## - PUBLICATION, DISTRIBUTION, ETC. (IMPRINT)
Place of publication, distribution, etc New York
Name of publisher, distributor, etc Holt, Rinehart and Winston, Inc.
Date of publication, distribution, etc 1970
270 ## - ADDRESS
City New York
300 ## - PHYSICAL DESCRIPTION
Extent xii, 457p.
Dimensions 23cm(Hb)
500 ## - GENERAL NOTE
General note Includes appendix, bibliographical references and index
650 ## - SUBJECT ADDED ENTRY--TOPICAL TERM
Topical term or geographic name as entry element Modern Education
9 (RLIN) 7623
650 ## - SUBJECT ADDED ENTRY--TOPICAL TERM
Topical term or geographic name as entry element Teaching methods
General subdivision Education
9 (RLIN) 21778
700 ## - ADDED ENTRY--PERSONAL NAME
Personal name Carr, John C.
9 (RLIN) 21754
700 ## - ADDED ENTRY--PERSONAL NAME
Personal name Fitch, Robert M.
9 (RLIN) 21773
942 ## - ADDED ENTRY ELEMENTS (KOHA)
Source of classification or shelving scheme Dewey Decimal Classification
Koha item type English Books
Classification part 373
Call number suffix GRA
Holdings
Withdrawn status Lost status Damaged status Not for loan Home library Current library Date acquired Source of acquisition Cost, normal purchase price Total Checkouts Full call number Barcode Date last seen Copy number Cost, replacement price Price effective from Koha item type Public note
Written off       Central Library Central Library 30/06/2015 Cen Lib/Ret 0.00   373 GRA 745727 30/06/2015 1 0.00 30/06/2015 English Books Written off on approval by DLB (By Circulation); dtd 15-06-2023

© Delhi Public Library
Hit Counter
free hit counter